K aktuálnym predpisom upravujúcim oblasť odpadov
Právne predpisy upravujúce oblasť odpadového hospodárstva. Zákon o životnom prostredí a živnostenský zákon. Zákon o posudzovaní vplyvov na životné prostredie. Zákon o odpadoch. Zákon o štátnej správe v odpadovom hospodárstve. Vyhláška o programoch odpadového hospodárstva. Nariadenia vlády. Ukladanie...
Guardado en:
| Formato: | Capítulo de libro |
|---|---|
| Lenguaje: | eslovaco |
| Materias: | |
| Etiquetas: |
Sin Etiquetas, Sea el primero en etiquetar este registro!
|
MARC
| LEADER | 00000naa a2200000 4500 | ||
|---|---|---|---|
| 001 | r032279 | ||
| 005 | 20230926072059.1 | ||
| 041 | 0 | |a slo | |
| 044 | |a SK | ||
| 245 | 1 | 0 | |a K aktuálnym predpisom upravujúcim oblasť odpadov |
| 520 | |a Právne predpisy upravujúce oblasť odpadového hospodárstva. Zákon o životnom prostredí a živnostenský zákon. Zákon o posudzovaní vplyvov na životné prostredie. Zákon o odpadoch. Zákon o štátnej správe v odpadovom hospodárstve. Vyhláška o programoch odpadového hospodárstva. Nariadenia vlády. Ukladanie pokút. | ||
| 610 | 2 | 0 | |a hospodárstvo odpadové |
| 610 | 2 | 0 | |a predpisy právne |
| 610 | 2 | 0 | |a legislatíva |
| 610 | 2 | 0 | |a zákony |
| 610 | 2 | 0 | |a vyhlášky |
| 610 | 2 | 0 | |a odpad |
| 610 | 2 | 0 | |a odpad komunálny |
| 610 | 2 | 0 | |a správa štátna |
| 610 | 2 | 0 | |a sankcie |